000 00407 a2200157 4500
001 61468
020 _a857263245x
040 _cAnchieta - Pituba
100 _aFonseca, Marcelo Monte Forte da
240 1 0 _aVestibulares resolvidos 2006
_lpor
245 1 0 _aVestibulares resolvidos 2006
300 _a105
362 0 _a2006
650 4 _a. Vestibulares / Exames de admissão em universidades
942 _cBK
999 _c61468
_d61468